000 00635nam a2200169Ia 4500
008 150610s9999 xx 000 0 und d
020 _a0385496494 
050 _aLD571
_b.Al339 1997
100 _aAlbom, Mitch
245 _aTuesdays with Morrie:
_ban old man, a young man, and life's greatest lesson /
_cMitch Albom.
260 _aNew York :
_bDoubleday,
_c1997.
300 _a192pages ;
_c18 cm.
520 _aSchwartz, Morris S.
650 _aAmyotrophic lateral sclerosis -- Patients -- United States
_xBiography.
650 _aBrandeis University -- Faculty
_xBiography.
650 _aDeath -- Psychological aspects
_bCase studies.
999 _c288036
_d288036